|
|
|
|
| LEADER |
00778nam a22002172a 4500 |
| 001 |
001161385 |
| 003 |
CZ BrMZK |
| 005 |
20120106082622.0 |
| 007 |
ta |
| 008 |
110802s1979 xo er|||||||||||hun d |
| 040 |
|
|
|a BOA001
|b cze
|
| 080 |
9 |
|
|a 808.54:372:373.2
|
| 100 |
1 |
|
|a Mózsi, Ferenc,
|d 1947-
|7 ola2003206389
|4 aut
|
| 245 |
1 |
0 |
|a Módszertani kézikönyv 1 a szlovák nyelv tanításához a magyar tanítási nyelvü alapiskolák 1. osztályában tanító pedagógusok részére /
|c Ferenc Mózsi
|
| 250 |
|
|
|a 1. kiad.
|
| 260 |
|
|
|a Bratislava :
|b Slovenské pedagogické nakladateľstvo,
|c 1979
|
| 300 |
|
|
|a 202 s.
|
| 910 |
|
|
|a BOA001
|b 2-0802.198
|
| 990 |
|
|
|a BK
|
| 991 |
|
|
|b 201107
|
| 996 |
7 |
|
|b 2619433842
|c 2-0802.198
|l MZK
|r Sklad / do 1 hodiny
|n 0
|w 001194623
|u 000010
|a 1
|e BOA001
|j MZK50
|s A
|